Monolitická železobetónová stropná doska

Enregistré dans:
Détails bibliographiques
Auteur principal: Valkovič, Dominik (Auteur)
Autres auteurs: Majtánová, Lucia (Directeur de thèse)
Format: Manuscrit Livre
Langue:slovaque
Publié: 2025
Sujets:
Accès en ligne:http://is.stuba.sk/zp/portal_zp.pl?podrobnosti=174683
CRZP
Tags: Ajouter un tag
Pas de tags, Soyez le premier à ajouter un tag!

MARC

LEADER 00000ntm a22000003a 4500
001 stuzp105911
003 SK-STU
005 20250728130838.1
007 ta
008 150427s2015----xo-----f-mn---000-0-slo-d
040 |a STU  |b slo 
041 0 |a slo 
100 1 |a Valkovič, Dominik  |u 010110  |4 aut  |U SvF Stavebná fakulta  |T SvF Katedra betónových konštrukcií a mostov  |X 120216  |U V110  |Y 11  |7 120216 
242 0 1 |a Reinforced concrete slab  |y eng 
245 1 0 |a Monolitická železobetónová stropná doska 
260 |c 2025 
650 4 |a Výstuž  |2 slo 
650 4 |a Medzný stav únosnosti  |2 slo 
650 4 |a Medzný stav používateľnosti  |2 slo 
650 4 |a Polyfunkčný objekt  |2 slo 
650 4 |a Stropná doska  |2 slo 
650 4 |a Reinforcement  |2 eng 
650 4 |a Ultimate limit state  |2 eng 
650 4 |a Limit state design  |2 eng 
650 4 |a Multifunctional object  |2 eng 
650 4 |a Concrete slab  |2 eng 
700 1 |a Majtánová, Lucia  |u 010110  |k Z2  |4 ths  |U SvF Stavebná fakulta  |T SvF Katedra betónových konštrukcií a mostov  |X 50518  |U V110  |Y 11  |7 A000050518 
856 4 |u http://is.stuba.sk/zp/portal_zp.pl?podrobnosti=174683 
856 4 |u https://opac.crzp.sk/?fn=detailBiblioForm&sid=4013D2F8FE5692F45BC32F4F6B33  |z CRZP